000 00726nam a2200253Ia 4500
003 OSt
005 20220925204958.0
006 a|||||r|||| 00| 0
007 ta
008 220923b |||||||| |||| 00| 0 eng d
020 _a0860789551
037 _cGeneral Book
040 _aRTL
_cRTL
_beng
041 _2eng
_aeng
082 _aV596.L, P5
100 _aTracy James D
_9248480
245 0 _aLow countries in sixteenth century
_b Erasmus, relig
260 _aHampshire
_bAshgate
_c2005
300 _aVarious Pagination
_ccm.
490 _aVariorum Collected Studies Series
650 _aRussia History
_922158
942 _hV596.L, P5
_cGB
_2CC
999 _c550921
_d550921